Normal view
MARC view
Entry Topical Term
001 - CONTROL NUMBER
- control field: 1292
003 - CONTROL NUMBER IDENTIFIER
- control field: OSt
005 - DATE AND TIME OF LATEST TRANSACTION
- control field: 20110420142725.0
008 - FIXED-LENGTH DATA ELEMENTS
- fixed length control field: 110420|||a|||||| | ||| d
040 ## - CATALOGING SOURCE
- Original cataloging agency: OSt
- Transcribing agency: OSt
150 ## - HEADING--TOPICAL TERM
- Topical term or geographic name as entry element: Choses in action
- Geographic subdivision: India.
670 ## - SOURCE DATA FOUND
- Source citation: Work cat.: (OSt)0: Mulla, Dinshah Fardunji, Sir, 1868-1934. 1286, The Transfer of Property Act,1882 /, c2006
